Statistics for Ten Letter Words A-Z #3

Click here to take the quiz!

General Stats

  • This quiz has been taken 40 times
  • The average score is 16 of 26

Answer Stats

clueword% Correct
N1/1,000,000,000th of a secondnanosecond
97%
Foftenfrequently
92%
Lengine that pulls a trainlocomotive
92%
Akeeps a company's finances in orderaccountant
89%
Tyou can channel-surf on onetelevision
86%
Q2 is to twin as 5 is to ____quintuplet
81%
Oeating both meat and vegetablesomnivorous
78%
Bcharitable, kindbenevolent
75%
Gmain stand at a sports groundgrandstand
75%
Wgreen fruit (until you cut it open)watermelon
75%
Vtheatre show with a mixture of acts and styles, popular in early 20th centuryvaudeville
69%
Kpercussion instrument (water-boiling?)kettledrum
67%
Ufabric that covers sofasupholstery
64%
Jjoy, celebrationjubilation
58%
PFrench-style pastry shoppatisserie
58%
HCohen and Handel both wrote a song with this one-word titleHallelujah
56%
RGrand Old PartyRepublican
50%
Shappening one after anothersuccessive
47%
Mboringmonotonous
44%
Dwhat a province is called, in Francedepartment
36%
Ygame fish with yellow tail finyellowtail
33%
Zof gods in animal form, eg sphinx{zoo}morphic
33%
Epassion, keennessenthusiasm
31%
Icertain to happeninevitable
31%
Xphotocopying using dry powderxerography
19%
Ccomplicated, intricately involvedconvoluted
17%

Score Distribution

Percentile by Number Answered

Percent of People with Each Score

Your Score History

You have not taken this quiz